000 01109cam a22003497a 4500
003 CHAP
005 20220329133135.0
008 971013s r 00010 d
010 _a2633
011 _a3605
035 _a2806
040 _cCHAP
082 _a334.683
_bC45Y
110 _aCentro de Cooperación Internacional en Investigación Agronómica para el Desarrollo
_921051
245 1 3 _aEl CIRAD
260 _aParis :
_bEl Centro,
_c198-
300 _av
500 _aD46-174
500 _aLa biblioteca tiene: 1989
590 _aBATCH-UPD
_b10
_c20130110
_lUCH01
_h1035
590 _aBATCH-UPD
_b10
_c20130410
_lUCH01
_h0636
590 _aBATCH-UPD
_b10
_c20130913
_lUCH01
_h2352
590 _aBATCH-UPD
_b10
_c20140805
_lUCH01
_h1142
590 _aCONVERSION
_b10
_c20130109
_lUCH01
_h1303
650 1 4 _aAgricultura
_xFrancia.
_91499
650 1 4 _aAgricultura
_xInvestigación.
_91577
650 1 4 _aAgricultura
_xTrópicos.
_91888
650 1 4 _aCooperación agrícola internacional.
_927767
901 _aBK
942 _cLIBRO
949 _a334.683 C45Y
_bBC
_cLIBRO
_d-12313
_eLIBRO
_h80096
_i2806
_mD
_si
999 _c2633
_d2633